00364ntaaa2200145 45000030003000000050017000030080021000200400037000410820017000781000020000952450035001152500042001503000011001926500015002030120251027201555.00714s1973 ag 01  aAR-BaBNbspacAR-BaBNeaacrdRIC a230.0000 Ev1 aEvans, William  aGrandes doctrinas de la Biblia a1 ed. : bEditorial Moody, c1961 (?) a256 p. aTeología